| 000 -LEADER | |
|---|---|
| fixed length control field | 00389nam a22001457a 4500 |
| 005 - DATE AND TIME OF LATEST TRANSACTION | |
| control field | 20200706093255.0 |
| 008 - FIXED-LENGTH DATA ELEMENTS--GENERAL INFORMATION | |
| fixed length control field | 200706b xxu||||| |||| 00| 0 eng d |
| 082 ## - DEWEY DECIMAL CLASSIFICATION NUMBER | |
| Classification number | 345.4 AIR |
| 110 ## - MAIN ENTRY--CORPORATE NAME | |
| Corporate name or jurisdiction name as entry element | All INDIA REPORTAR |
| 245 ## - TITLE STATEMENT | |
| Title | ALL INDIA REPORTER 1980 [V-67] ALLAHABAD SECTION |
| 260 ## - PUBLICATION, DISTRIBUTION, ETC. (IMPRINT) | |
| Place of publication | MUMBAI |
| Name of publisher | ALL INDIA REPORTER PVT |
| Year of publication | 1980 |
| 300 ## - PHYSICAL DESCRIPTION | |
| Number of Pages | 370p. |
| 650 ## - SUBJECT ADDED ENTRY--TOPICAL TERM | |
| Topical Term | LAW |
| 942 ## - ADDED ENTRY ELEMENTS (KOHA) | |
| Koha item type | Journals/Serial |
| Lost status | Damaged status | Collection code | Home library | Current library | Shelving location | Date acquired | Source of acquisition | Full call number | Accession Number | Koha item type |
|---|---|---|---|---|---|---|---|---|---|---|
| LAW | JRU Library | JRU Library | SHELF-37-F | 18/07/2020 | PURCHASE | 345.4 AIR | 24690 | Journals/Serial |